Santo Tomás de Aquino

Uloženo v:
Podrobná bibliografie
Hlavní autor: Chesterton, Gilbert Keith (Autor)
Médium: Kniha
Jazyk:španělština
Vydáno: Madrid Espasa-Calpe 1973
Vydání:10a. ed
Témata:
Tagy: Přidat tag
Žádné tagy, Buďte první, kdo vytvoří štítek k tomuto záznamu!

MARC

LEADER 00000nam a2200000 a 4500
001 UCO4536
003 CL-VaPUC
008 000804e19730000SP |||||||||||||||||spa|d
082 0 4 |a 189.4  |b CHE  |2 21 
100 0 |a Chesterton, Gilbert Keith  |e author  |9 347361 
245 1 0 |a Santo Tomás de Aquino 
250 |a 10a. ed 
300 |a 188 p 
942 |c BK 
945 |d 20000804 00:00:00  |a crobeson 
260 |a Madrid  |b Espasa-Calpe  |c 1973 
600 0 |a Tomás de Aquino  |d 1220-1274  |c Santo  |9 255832 
650 0 |a Escolasticismo  |9 264998 
650 0 |a Filosofía medieval  |9 256245 
583 |a last modification  |c 20000804 00:00:00  |k Rodrigo Vera 
999 |c 290566  |d 290564 
952 |0 0  |1 0  |4 0  |6 189_400000000000000_CHE_1973  |7 0  |8 A  |9 340076  |a BIBART  |b BIBART  |d 2019-11-20  |i 121392K  |o 189.4 CHE 1973  |p 121392K  |r 2025-03-13  |w 2019-11-20  |y BK  |k ART 
952 |0 0  |1 0  |4 0  |6 189_400000000000000_CHE_1973  |7 0  |8 A  |9 340077  |a BIBHIS  |b BIBHIS  |d 2019-11-20  |i 1208314  |o 189.4 CHE 1973  |p 1208314  |r 2025-01-20  |w 2019-11-20  |y BK  |k HIS